[Event "ISR-chT"]
[Site "Israel"]
[Date "1997.03.01"]
[Round "5"]
[White "Tyomkin, Dimitri"]
[Black "Lev, Ronen"]
[Result "1/2-1/2"]
[WhiteElo "2450"]
[BlackElo "2460"]
[Annotator "Tyomkin,D"]
[PlyCount "96"]
[EventDate "1997.??.??"]
[EventType "team"]
[EventRounds "11"]
[EventCountry "ISR"]
[SourceTitle "CBM 059"]
[Source "ChessBase"]
[SourceDate "1997.08.01"]
[SourceVersion "1"]
[SourceVersionDate "1997.08.01"]
[SourceQuality "1"]

1. d4 g6 2. c4 Bg7 3. e4 d6 4. Nc3 e5 5. d5 f5 6. g3 $146 (6. exf5 {and 6.h4
are main lines in this position,6.f3 was also tried}) 6... Nf6 7. Bg2 O-O 8.
exf5 $6 (8. Nf3 $142 fxe4 9. Ng5 e3 10. Bxe3 Ng4 11. Nge4 $14) 8... gxf5 9.
Nge2 $2 (9. Nf3 $142 {[%cal Gf3g5,Gg5e6]}) 9... a5 10. O-O Na6 11. h3 Nc5 12.
Be3 Bd7 13. f4 (13. Qc2 {[%cal Gb2b3,Ya2a3,Yb3b4]} Nh5 $36 {[%cal Gf5f4]})
13... e4 $17 14. Nd4 h5 15. Qe2 Rf7 16. Rad1 Bh6 {[%cal Gf7g7,Gh5h4]} (16...
Nd3 17. Rxd3 exd3 18. Qxd3 Qe7 19. Re1 Ne4 20. Nxe4 fxe4 21. Bxe4 Bxh3 22. Bg6
$16) 17. Nc6 {I was looking for changes in this moment,because I didn't like
my position so much} (17. b3 $5 {[%cal Ga2a3,Gb3b4]} Rg7 18. Kh2 Qe8 $40 {
[%cal Gh5h4,Yf6h5]}) 17... bxc6 18. dxc6 Bxc6 19. Bxc5 Rg7 20. Kh2 h4 $1 21.
gxh4 Be8 22. Qf2 Nh5 $1 (22... Bh5 23. Ne2) 23. Ne2 Rg6 24. Rg1 Kh7 25. Be3 Qf6
26. b3 Bf7 27. Bh1 {[%cal Gg1g5] otherwise I play Rg5 with looking for changes
again!} Rxg1 $1 28. Rxg1 Qb2 29. a4 c5 (29... Nxf4 $2 30. Bxf4 Bxf4+ 31. Qxf4
Qxe2+ 32. Rg2 Qh5 33. Rg5 Qe2+ 34. Bg2 Be6 35. Rxf5 $16) (29... Qxb3 $2 30. Nd4
Qxe3 31. Qxe3 Bxf4+ 32. Qxf4 Nxf4 33. Nxf5) 30. Rd1 Ra6 $19 31. Bg2 Qxb3 $138 {
White's position is hopeless.My last chance was to confuse an opponent in his
severe time-trouble and I got it!} 32. Rd2 Bxc4 33. Ng3 Nxg3 34. Rb2 $1 Qc3 35.
Rb7+ Bg7 36. Qxg3 Qf6 37. h5 Be2 $2 (37... Bf7 $19) (37... Bd5 $19) {[%tqu
"En","try to find chances for white","","","e3d2","",10]} 38. Bd2 $1 {[%cal
Gd2c3]} d5 {[%tqu "En","","","","g3e3","",5]} 39. Qe3 Bxh5 40. Qxc5 d4 $2 (
40... Qc6 41. Qe7) (40... Bf7 $142 41. Be3 {[%csl Yc5]} (41. Bc3 Qxc3 42. Qxc3
Bxc3 43. Rxf7+ Kg6 $19) (41. Qc8 {[%cal Gb7f7]} Kg6 (41... Rc6 42. Qd7 Kg6 43.
Bxa5 Bh6 $15)) 41... Kg6 $17 (41... Rc6 $140 42. Rxf7)) {[%tqu "En","","","",
"g2e4","",5]} 41. Bxe4 fxe4 42. Qxh5+ Qh6 43. Qf5+ Qg6 {[%tqu "En","In this
moment I had feeling that everything bad was behind and after 20min thinking I
found the best and only solution","","","b7g7","",10]} 44. Rxg7+ $8 {Finally I
sacrificed an exchange with a broad smile on my face!} (44. Qxg6+ Kxg6 45. f5+
Kf6 $17 {[%csl Gd4,Ge4]}) 44... Kxg7 45. Qd7+ Qf7 46. Qxd4+ Kg8 (46... Qf6 47.
Qxe4 $14 (47. Qd7+ Qf7 48. Qd4+ $11)) 47. Qxe4 Re6 48. Qc4 Re8 $14 {I was too
happy to save a half point in this game,and accepted a draw offer. This game
can be the most funny game of this issue!} 1/2-1/2

[Event "EU-chT (Men) 13th"]
[Site "Leon"]
[Date "2001.11.13"]
[Round "7.4"]
[White "Buhmann, Rainer"]
[Black "McShane, Luke J"]
[Result "1-0"]
[WhiteElo "2505"]
[BlackElo "2531"]
[Annotator "Wells,P"]
[PlyCount "77"]
[EventDate "2001.11.06"]
[EventType "team-swiss"]
[EventRounds "9"]
[EventCountry "ESP"]
[SourceTitle "CBM 086"]
[Source "ChessBase"]
[SourceDate "2002.02.05"]
[SourceVersion "1"]
[SourceVersionDate "2002.02.05"]
[SourceQuality "1"]
[WhiteTeam "Germany"]
[BlackTeam "England"]
[WhiteTeamCountry "GER"]
[BlackTeamCountry "ENG"]

1. Nf3 g6 2. c4 Bg7 3. d4 d6 4. Nc3 Nd7 5. e4 e6 6. Be2 Ne7 7. Be3 a6 8. Qd2 h6
{Mihai Suba's remark which I quote later in the piece about the essentially
static nature of a 'perfect' position comes to mind here too. Black hopes to
be flexible enough to exploit whichever squares his opponent's advances will
leave in their wake. I am mistrustful though. Without making some weakening
moves black will run out of even limited space for manouevre.} 9. O-O g5 {
Space gaining, but weakening, not so much of the structure as the king.} 10.
Ne1 c5 {No breaks without weaknesses.} 11. dxc5 dxc5 12. Nd3 b6 {[%csl Ge5,Gf4]
[%cal Gd7e5,Ge7g6] Already some clarification. This is a typically critical
position in that if white dawdles here black will get time to utilise his
newly created squares.} 13. f4 Bb7 14. Bh5 $5 {I like this. White should
certainly not get tempted by the materialistic} (14. fxg5 hxg5 15. Bxg5 Ne5 {
When the dynamic potential of black's position suddenly becomes more than
clear to the naked eye.}) 14... Nf6 {#} 15. Bxf7+ $1 Kxf7 16. fxg5 hxg5 17.
Bxg5 $1 {Patient and critical to white's concept. Again if white cashes in too
early with} (17. e5 Nf5 18. exf6 Bxf6 {[%csl Gf7][%cal Gf6c3,Gb7g2] black's
pieces, especially the bishop pair has been forced into life. His activity is
such that the king's position on f7 would be unlikely to even prove a mild
inconvenience.}) 17... Rh5 (17... Ng6 18. e5 Qd4+ 19. Be3 Qh4 20. h3 {looks
good for white. In contrast with the previous note the f-file seriously lacks
shielding.}) 18. e5 Qd4+ 19. Be3 Qh4 20. g3 Qg4 21. exf6 Bxf6 22. Rf4 Qg6 23.
Raf1 $16 {and white has achieved a serious initiative. Even in the game though,
accuracy was required. There is potential dynamism in black's structure, sound
or not.} Nf5 24. Rxf5 Rxf5 25. Nf4 Rxf4 26. Qd7+ Kg8 27. Qxe6+ Qf7 28. Qxf7+
Kxf7 29. Rxf4 Re8 30. Kf2 Ke6 31. Ne4 Be5 32. Ng5+ Kd6 33. Nf7+ Kd7 34. Nxe5+
Rxe5 35. h4 Be4 36. Rf7+ Ke6 37. Ra7 Kf5 38. Rxa6 Re6 39. Ra7 1-0

[Event "Belgrade Investbank"]
[Site "Belgrade"]
[Date "1997.??.??"]
[Round "1"]
[White "Ljubojevic, Ljubomir"]
[Black "Beliavsky, Alexander G"]
[Result "0-1"]
[WhiteElo "2565"]
[BlackElo "2710"]
[Annotator "Yudasin,L"]
[PlyCount "62"]
[EventDate "1997.11.11"]
[EventType "tourn"]
[EventRounds "9"]
[EventCountry "YUG"]
[EventCategory "18"]
[SourceTitle "CBM 062"]
[Source "ChessBase"]
[SourceDate "1998.01.31"]
[SourceVersion "1"]
[SourceVersionDate "1998.01.31"]
[SourceQuality "1"]

1. Nf3 {Baburin Ftacnik} g6 2. e4 Bg7 3. d4 d6 4. Be2 Nd7 5. O-O e5 6. c4 Ne7
7. Nc3 O-O 8. Re1 a6 (8... h6 9. Bf1 Kh7 (9... exd4 10. Nxd4 Nc6 11. Be3 Nde5
12. h3 Nxd4 13. Bxd4 Be6 14. f4 c5 15. Bf2 Nxc4 16. f5 Nxb2 17. Qc2 Qa5 18. e5
Bxf5 19. Qxb2 dxe5 20. Nd5 {1/2-1/2 Chernin,A-Norwood,D/Lloyds Bank op 1994/ 
(25)}) 10. Rb1 exd4 11. Nxd4 Nc6 (11... Ne5 {Ftacnik} 12. f3 a6 13. Be3 c5 14.
Nc2 Be6 15. Nd5 Nxd5 16. cxd5 Bd7 17. b4 b6 18. Bf2 f5 19. bxc5 bxc5 20. Rb3 f4
21. Be2 g5 22. g4 h5 {0-1 Beckhuis,G-Lau,R/Baden Baden op 1990/GER 04 (33)})
12. Be3 Nde5 13. h3 Nxd4 14. Bxd4 Be6 15. f4 c5 16. Bf2 Nxc4 17. f5 Nxb2 18.
Qc2 Qf6 19. e5 Qxf5 20. Qxb2 Bxe5 21. Qd2 b6 22. Rbd1 d5 23. Nxd5 {Lukacs,
P-Portisch,F/HUN-ch 1979/MCD-ch/1-0 (38)}) (8... exd4 {Ftacnik} 9. Nxd4 Ne5 (
9... Nc6 10. Be3 Re8 11. Rb1 (11. Qd2 Nc5 12. f3 Ne5 13. h3 {1/2-1/2 Gil
Capape,J-Lopez,F/Cerrado 1997 9607}) 11... Nxd4 12. Bxd4 Bxd4 13. Qxd4 Ne5 14.
f4 Nc6 15. Qd2 Be6 16. Nd5 a5 17. Bf3 Bxd5 18. cxd5 Ne7 19. e5 {1-0 Karr,
J-Garcia,O/FRA-chT 1996/ (41)}) 10. Be3 h6 11. Rc1 Kh7 12. h3 f5 13. exf5 Bxf5
14. f4 c5 15. Ndb5 Nf7 16. g4 a6 17. Nxd6 Nxd6 18. Bxc5 Rf6 19. gxf5 Nexf5 20.
Qd5 Qc7 21. Bf2 Rd8 22. Rcd1 {0-1 Cafferty,B-Sax,G/IBM-B 1972/ (40)}) 9. Bf1 (
9. Rb1) (9. Be3) 9... Rb8 (9... Nc6 10. Bg5 f6 11. Bc1 Kh8 12. Rb1 exd4 13.
Nxd4 Nxd4 14. Qxd4 f5 15. Qd2 Nc5 16. b4 Nxe4 17. Nxe4 fxe4 18. Bb2 Bxb2 19.
Rxb2 Bf5 20. h3 Qf6 21. g4 Bd7 22. Rxe4 Bc6 23. Re3 Rae8 24. Rbb3 {Kaman,
A-Kovacs,L/HUN-chT 1991/TD 91\05/0-1 (59)}) 10. Rb1 (10. h3 $5 exd4 11. Nxd4
Ne5 12. f4 (12. Be3 $5) (12. Bg5 $5) 12... c5 13. Nc2 N5c6 14. Ne3 $13) 10...
exd4 11. Nxd4 Ne5 12. Nd5 $2 {Baburin: This plan can hardly be promising, as
White wastes two tempi in order to exchange the e7-knight, which is quite
inactive at the moment.} (12. h3 Bd7 13. Bg5 h6 14. Be3 $13) (12. Bg5 $5) (12.
f4 {Ftacnik} c5 $5 (12... N5c6 13. Nxc6 (13. Be3 f5 $15) 13... Nxc6 14. Nd5 f5
$11) 13. Nc2 N5c6 14. Nd5 b5 $13) 12... c5 $1 13. Nxe7+ (13. Nc2 Nxd5 14. cxd5
(14. exd5 b5 $15) 14... b5 (14... f5 $15 {Ftacnik}) 15. Ne3 Re8 $15) 13... Qxe7
14. Nc2 b5 $36 15. Ne3 (15. cxb5 {Ftacnik} axb5 16. Ne3 Qe6 (16... Bb7 17. Nd5)
17. Nd5 f5 $13) 15... Be6 16. Nd5 $2 (16. Qc2 $15) (16. cxb5 {Ftacnik} axb5 17.
Nd5 (17. f4 {Baburin}) 17... Qh4 18. g3 Qg4 19. Bg2 Qxd1 20. Rxd1 Nc6 $11)
16... Qh4 $1 17. Bf4 (17. g3 Qg4 $1 $17 (17... Qg4 {Ftacnik} 18. h3 Qxd1 19.
Rxd1 Nxc4 20. b3 Ne5 $15)) (17. Qc2 f5 $40) (17. cxb5 $2 {Ftacnik} Ng4 $17)
17... bxc4 (17... Bxd5 {Ftacnik} 18. Bg3 $14) 18. Qd2 $6 (18. Bxe5 Bxe5 19. g3
Qd8 20. Qc2 Bxd5 21. exd5 Qf6 22. Bxc4 Bxb2 23. Bxa6 Bd4 24. Kg2 $15) (18. Bg3
Qd8 19. f4 (19. Bxe5 Bxe5 20. Qc2 $15) 19... Nd3 20. Bxd3 Bxd5 21. Bf1 Be6 $17)
({Baburin: Better was} 18. Bg3 {Baburin}) 18... Bxd5 19. Bg3 {Baburin: Yet
another mistake} (19. exd5 Rb6 (19... Rb4 $1 20. Bg3 Qd4 $17) (19... f5 {
Ftacnik} 20. Bxe5 Bxe5 21. g3 Qd4 22. Qxd4 Bxd4 23. Bxc4 Bxb2 $15) (19... Rfe8
$17 {Baburin}) 20. Bg3 Qd4 21. Qxd4 cxd4 22. Bxe5 dxe5 23. Bxc4 Rc8 24. b3 f5
$15) 19... Qxe4 $3 {Ftacnik: Not an everyday picture in modern chess, black
sacrifices the queen for a phantastic piece play and a solid central pawn mass.
Baburin: Probably White missed that Black can sacrifice the queen. The
compensation which Black gets is more than enough: rook, bishop and two pawns.
Here these pieces are more valuable than the queen. Ftacnik: Kein alltägliches
Bild im modernem Schach. Schwarz opfert seine Dame für fantastisches
Figurenspiel und eine solide zentrale Bauernmasse.} 20. Rxe4 Bxe4 21. Re1 (21.
Rc1 {Ftacnik} d5 (21... Rxb2 $2 22. Qxd6 $14) 22. b3 cxb3 23. axb3 Rxb3 24.
Rxc5 Nd3 25. Rc7 Bd4 $15) 21... Bd3 $17 22. b3 $6 (22. Bxe5 Bxe5 (22... dxe5 {
Ftacnik} 23. Bxd3 Rfd8 24. b3 cxd3 25. Qa5 e4 26. Qxc5 Rbc8 27. Qe7 f5 28. Qe6+
Kh8 29. Qxa6 d2 30. Rd1 Rc1 31. Qe2 Rxd1+ 32. Qxd1 Bh6 $19) 23. Bxd3 Rxb2 24.
Qc1 cxd3 25. Rxe5 d2) (22. Bxd3 Nxd3 23. Rb1 Rxb2 (23... Bxb2 {Ftacnik} 24.
Bxd6 Bc3 25. Qxd3 cxd3 26. Bxb8 Re8 $19) 24. Rxb2 Nxb2 $17 {/\c3}) 22... c3 23.
Qe3 (23. Qxc3 {Ftacnik} Nf3+ 24. gxf3 Bxc3 $19) 23... c4 $1 24. Bxe5 (24. bxc4
Bxf1 25. Rxf1 (25. Bxe5 {Ftacnik} Bxe5 26. Kxf1 Rfc8 $17) 25... Nxc4 $19) 24...
dxe5 $1 (24... Bxe5 25. Bxd3 cxd3 26. Qxd3 Rbc8 $17 27. g3 $132) 25. Bxd3 (25.
bxc4 e4 $1 (25... e4 {Ftacnik} 26. Bxd3 exd3 27. Qxd3 Rfd8 28. Qe4 Rd2 29. Qf4
(29. g3 c2 30. Kg2 Rd1 31. Qxc2 Rxe1 $19) 29... Rbd8 30. c5 Rd1 31. Rf1 c2 $19)
) 25... cxd3 26. Qxd3 Rbc8 {Ftacnik: The c pawn remains extremely dangerous.
Ftacnik: Der c-Bauer bleibt äußerst gefährlich.} 27. Qc2 (27. Rc1 {Ftacnik}
Rfd8 28. Qxa6 c2 29. Qe2 Rd1+ 30. Rxd1 c1=Q $19) 27... Rfd8 $19 28. Re2 Bh6 29.
g3 Kg7 $1 {Baburin: Moving the king away from the 8th rank and therefore
threatening 30...Rd2 31 Rxd2 cxd2.} 30. Qe4 (30. Kg2 {Ftacnik} Rd2 31. Rxd2
cxd2 32. Qxc8 d1=Q $19) 30... Rd2 31. Qxe5+ Kg8 (31... Kg8 {Ftacnik} 32. Re1 c2
33. Qa1 Re2 $19 (33... Rcd8 34. Qc3 Rd1 35. Qxc2 Rxe1+ $19)) 0-1